000 00665cab a2200193 4500
001 ABS42366
008 090401t1990 xxu||||| |||| 00| 0 eng d
035 _a(Sirsi) u36386
041 _aeng
100 _aAllen, M.D.
245 _aInstitutionally acceptable leases
260 _c1990
350 _a0
490 _aRent Review & Lease Renewal
_v10(2) 1990, 118-121(4)
520 _aExamines how leases can be written to ensure the highest net income in the most trouble free manner, without sacrificing long term returns for the landlord examining current practice.
690 _aLANDLORD AND TENANT-BUSINESS TENANCIES
942 _n0
948 _c04/03/1997
999 _c23650
_d23650